000 01213nam a2200325 i 4500
003 EG-GICUC
005 20260121101350.0
008 251127s1984 ua ||||fr|||| 00| 0 ara d
017 _a1984/12
040 _a EG-GICUC
_bara
_c EG-GICUC
_d EG-GICUC
_erda
041 0 _aara
082 0 4 _221
_a345.123
_bم ح . ط
092 0 4 _221
099 _aLaw1 07 345.123 م ح . ط 1984
100 0 _aمحمد عبدالحميد أبو زيد
_eمؤلف.
245 1 2 _aالطابع القضائي للقانون الاداري :
_bدراسة مقارنة /
_cدكتور محمد عبدالحميد أبو زيد.
264 _aالقاهرة :
_bدار الثقافة العربية،
_c1984.
300 _a334 صفحة ؛
_c22 سم.
336 _2rda content
_atext
337 _2rda media
_aComputer
338 _2rda carrier
_aOnline Resource
504 _aيشتمل على إرجاعات ببليوجرافية.
546 _aالنص باللغة العربية
650 1 4 _aالقانون الإداري
_2qrmak
650 1 4 _aمصادر القانون الإداري
651 1 _2qrmak
856 4 0 _uhttps://fll.law.cu.edu.eg/fulltext/bks/B07-00776.pdf
905 _a65
942 _2ddc
_cBK
_e21
_n0
999 _c46363
_d46363